Statistics for Taylor Swift - You Belong With Me Lyrics

Click here to take the quiz!

General Stats

  • This quiz has been taken 150 times
    (143 since last reset)
  • The average score is 359 of 405

Answer Stats

Answer% Correct
You
99%
you
99%
with
97%
your
97%
I
96%
on
96%
the
96%
a
95%
girl
95%
phone
95%
be
94%
do
94%
I'm
94%
She
94%
she
94%
And
93%
and
93%
belong
93%
girlfriend
93%
me
93%
of
93%
So
93%
That
93%
that?
93%
that
93%
up
93%
wear
93%
You're
93%
you're
93%
about
92%
get
92%
in
92%
In
92%
like
92%
night
92%
see
92%
see?
92%
she's
92%
She's
92%
something
92%
to
92%
upset
92%
Been
91%
been
91%
by
91%
can
91%
Can't
91%
can't
91%
doesn't
91%
going
91%
here
91%
room
91%
said
91%
wake
91%
who
91%
Who
91%
why
91%
Cheer
90%
for
90%
it
90%
looking
90%
one
90%
short
90%
time
90%
All
89%
all
89%
find
89%
music
89%
T-shirts
89%
Tuesday
89%
typical
89%
wears
89%
what
89%
When
89%
when
89%
bleachers
88%
could
88%
day
88%
has
88%
humor
88%
it's
88%
listening
88%
skirts
88%
understands
88%
whole
88%
along
87%
Captain
87%
Dreaming
87%
kind
86%
off
86%
Think
86%
If
84%
my
84%
But
83%
high
83%
this
83%
how
82%
is
82%
never
82%
heels
81%
know
81%
sneakers
81%
'bout
80%
story
80%
thinking
80%
got
79%
Have
79%
jeans
79%
out
79%
she'll
79%
smile
79%
easy?
78%
you've
78%
Hey
77%
light
76%
myself
76%
'Cause
75%
down
75%
laugh
75%
bench
74%
isn't
74%
town
74%
worn
74%
not
73%
seen
73%
Since
73%
while
73%
park
72%
baby?
71%
brought
71%
haven't
71%
help
71%
Walk
71%
middle
70%
where
70%
better
69%
streets
69%
doing
68%
ought
68%
cry
67%
than
67%
makes
66%
at
65%
just
65%
tell
65%
ever
64%
say
64%
thought
64%
waiting
64%
backdoor
63%
dreams
63%
Laughing
63%
maybe
62%
songs
62%
favorite
61%
Oh
61%
fine
60%
house
60%
driving
59%
Standing
58%
remember
57%

Score Distribution

Percentile by Number Answered

Percent of People with Each Score

Your Score History

You have not taken this quiz since the last reset